000 00237nam a2200097Ia 4500
008 120527s9999 xx 000 0 und d
100 _aRAINBIRD
245 _aWork-related diseases in tropical Agriculture
260 _bSILSOE
942 _cBK
999 _c25188
_d25188